| 000 | 00853nam a2200277 i 4500 | ||
|---|---|---|---|
| 001 | bg | ||
| 100 | 1 | _aZAWISTOWSKI, Henryk | |
| 245 | 1 | 0 |
_aUstawianie procesu wtrysku / _cHenryk Zawistowski, Szymon Zięba. |
| 250 | _aWyd.2 popr. | ||
| 260 |
_aWarszawa : _bWydaw. Poradników i Książek Technicznych Plastech, _c1995. |
||
| 300 |
_a140 s. : _brys., wykr. ; _c21 cm. |
||
| 490 | 1 |
_aTS - Przetwórstwo Tworzyw Sztucznych ; _v1 |
|
| 504 | _aBibliogr. s. 140. | ||
| 650 | 9 |
_aMaszyny _xobsługa i eksploatacja |
|
| 650 | 9 |
_aTworzywa sztuczne _xtechnologia |
|
| 655 | _aPoradniki | ||
| 700 | 1 | _aZIĘBA, Szymon | |
| 830 | _aTS - Przetwórstwo Tworzyw Sztucznych ; | ||
| 020 | _a8385250905 | ||
| 040 | _cBPK | ||
| 041 | 0 | _apl | |
| 080 | _a678.5/.7](036) | ||
| 920 | _a83-85250-90-5 | ||
| 942 | _cKS | ||
| 008 | s pl f |000 0 pol | ||
| 999 |
_c32682 _d32682 |
||
| 856 |
_uhttp://koha.tu.koszalin.pl/cgi-bin/koha/opac-detail.pl?biblionumber=32682 _yKatalog online BPK |
||